000
00295nam a2200133Ia 4500
005
20251222155130.0
008
251222s9999||||xx |||||||||||||| ||spa||
082
_a
MEQ. 95
100
_a
TARANTA, Angelo.
245
0
_a
La Fiebre Reumatica
250
_a
1ra. ed.
264
_b
MTP
942
_c
LIB
999
_c
38775
_d
38775